Wszystkie stacje na których zatrzymuje się Pendolino (EIP) - Statystyki

Ogólne statystyki
  • Ten quiz został rozwiązany 153 razy
  • Średni wynik to 29 z 45
Statystyki odpowiedzi
Hint Odpowiedź % Poprawnych
MZ Warszawa Centralna
99%
MZ Warszawa Wschodnia
97%
MZ Warszawa Zachodnia
97%
PO Gdańsk Główny
95%
SL Katowice
95%
MP Kraków Główny
95%
PO Gdynia Główna
94%
WP Poznań Główny
93%
ZP Szczecin Główny
91%
DS Wrocław Główny
89%
PO Sopot
83%
PO Gdańsk Wrzeszcz
79%
PK Rzeszów Główny
78%
SL Gliwice
76%
PO Malbork
75%
PO Tczew
75%
ZP Kołobrzeg
74%
WM Iława Główna
71%
OP Opole Główne
71%
PO Gdańsk Oliwa
70%
MP Zakopane
66%
SL Bielsko-Biała Główna
65%
ZP Słupsk
64%
SL Sosnowiec Główny
61%
MP Tarnów
60%
ZP Szczecin Dąbie
59%
SL Zawiercie
59%
ZP Koszalin
56%
SL Zabrze
54%
SL Tychy
52%
MP Kraków Płaszów
51%
PO Lębork
50%
ZP Stargard
50%
WP Krzyż
49%
ZP Świnoujście
49%
SL Czechowice-Dziedzice
43%
MP Nowy Targ
42%
MP Bochnia
41%
SL Częstochowa Stradom
41%
PK Dębica
41%
SL Pszczyna
33%
SL Lubliniec
30%
ZP Międzyzdroje
30%
PO Ustka
24%
ZP Goleniów
23%
Nie znaleziono quizów pasujących do podanych kryteriów
Rozkład punktacji
Procent ludzi z każdym wynikiem
Percentyl według liczby udzielonych odpowiedzi
Twoja historia wyników
Nie rozwiązałeś tego quizu